[Event "DVM U16 2017"]
[Site "Walldorf GER"]
[Date "2017.12.27"]
[Round "2"]
[White "Foo, Tzun Hong"]
[Black "McPherson, Elisha"]
[Result "1-0"]
[Termination "normal"]
[Board "2.4"]
[WhiteElo "1929"]
[BlackElo "1488"]
[WhiteClock "00:35:31"]
[BlackClock "00:07:47"]
[WhiteTeam "Hamburger SK"]
[BlackTeam "SF Augsburg"]
[PlyCount "57"]
[WhiteFideId "12974200"]
[BlackFideId "16255852"]
[EventCountry "GER"]
[EventRounds "7"]
[EventType "team-swiss"]
[EventDate "2017.12.26"]

1. e4 c5 2. Nf3 d6 3. d4 cxd4 4. Nxd4 Nf6 5. Nc3 g6 6. Be2 Bg7 7. Be3 Nc6 8.
Nb3 Be6 9. O-O d5 10. Nd4 Nxd4 11. Bxd4 O-O 12. Bxf6 Bxf6 13. exd5 Bc8 14. Rb1
Bxc3 15. bxc3 Qa5 16. Qd2 Rd8 17. Rfd1 Be6 18. c4 Qxa2 19. Qc3 Bf5 20. Rxb7 e6
21. d6 Qxc2 22. Qxc2 Bxc2 23. Rd2 Ba4 24. Bf3 Rac8 25. Rc7 Rb8 26. h3 Rd7 27.
c5 Kg7 28. Rxd7 Bxd7 29. c6 1-0

[Event "DVM U16 2017"]
[Site "Walldorf GER"]
[Date "2017.12.27"]
[Round "2"]
[White "Elier, Ali"]
[Black "von Estorff, Jacob"]
[Result "1-0"]
[Termination "normal"]
[Board "3.1"]
[WhiteElo "1910"]
[BlackElo "1937"]
[WhiteClock "01:04:48"]
[BlackClock "00:30:51"]
[WhiteTeam "SF Brackel"]
[BlackTeam "Post SV Uelzen"]
[PlyCount "111"]
[WhiteFideId "16217543"]
[BlackFideId "12974501"]
[EventCountry "GER"]
[EventRounds "7"]
[EventType "team-swiss"]
[EventDate "2017.12.26"]

1. e4 c5 2. d4 cxd4 3. c3 d5 4. exd5 Qxd5 5. Nf3 Nc6 6. cxd4 e6 7. Nc3 Bb4 8.
Bd2 Qd6 9. Nb5 Bxd2+ 10. Qxd2 Qb8 11. Qg5 Kf8 12. Rc1 Nge7 13. Bc4 a6 14. Nc3
b5 15. Bb3 Bb7 16. O-O Qd8 17. Rfd1 Na5 18. d5 Nxd5 19. Bxd5 exd5 20. Nxd5 Qxg5
21. Nxg5 h6 22. Ne4 g6 23. Nb6 Re8 24. Nd6 Re7 25. b4 Nc4 26. Nbxc4 bxc4 27.
Nxb7 Rxb7 28. Rd8+ Kg7 29. Rxh8 Kxh8 30. Rxc4 a5 31. a3 axb4 32. axb4 Kg7 33.
f3 Kf6 34. Re4 Kg5 35. Kf2 f5 36. Rd4 Kf6 37. Ke3 Ke5 38. Kd3 g5 39. g3 h5 40.
f4+ Kf6 41. Kc4 Rc7+ 42. Kd5 Rc2 43. fxg5+ Kxg5 44. h4+ Kf6 45. b5 Rc3 46. b6
Rxg3 47. Rb4 Rg8 48. b7 Rb8 49. Kd6 Rd8+ 50. Kc7 Rf8 51. b8=Q Rxb8 52. Kxb8 Ke5
53. Kc7 f4 54. Rb5+ Ke4 55. Rxh5 f3 56. Rh7 1-0

[Event "DVM U16 2017"]
[Site "Walldorf GER"]
[Date "2017.12.27"]
[Round "2"]
[White "Knüdel, Torben"]
[Black "Garbuz, Vitaliy"]
[Result "1/2-1/2"]
[Termination "normal"]
[Board "3.2"]
[WhiteElo "1825"]
[BlackElo "2022"]
[WhiteClock "00:21:39"]
[BlackClock "00:24:41"]
[WhiteTeam "Post SV Uelzen"]
[BlackTeam "SF Brackel"]
[PlyCount "85"]
[WhiteFideId "16208820"]
[BlackFideId "12990710"]
[EventCountry "GER"]
[EventRounds "7"]
[EventType "team-swiss"]
[EventDate "2017.12.26"]

1. e4 e5 2. Nf3 Nc6 3. Bb5 Nge7 4. O-O g6 5. d4 exd4 6. Nxd4 Bg7 7. Be3 O-O 8.
Nc3 d6 9. Qd2 a6 10. Be2 Re8 11. Rad1 Nxd4 12. Bxd4 Nc6 13. Bxg7 Kxg7 14. f4 f6
15. Bf3 Be6 16. Nd5 Bxd5 17. exd5 Nb8 18. Rfe1 Nd7 19. Rxe8 Qxe8 20. Re1 Qf7
21. Kf2 Re8 22. Rxe8 Qxe8 23. b4 h6 24. Qc3 Qd8 25. h4 Kf7 26. h5 g5 27. Qd3
Nf8 28. Bg4 gxf4 29. Qe4 c6 30. dxc6 Qb6+ 31. Kf3 bxc6 32. Qxf4 c5 33. Qxh6
Qxb4 34. Qe3 Qb7+ 35. Kf2 Qd5 36. h6 Nh7 37. Bf3 Qe5 38. Qd3 f5 39. Qxa6 Qd4+
40. Ke2 Qe5+ 41. Kd1 Kg6 42. Qd3 Ng5 43. Kd2 1/2-1/2

[Event "DVM U16 2017"]
[Site "Walldorf GER"]
[Date "2017.12.27"]
[Round "2"]
[White "Kartsev, Nikolay"]
[Black "Rothenberg, Jannik"]
[Result "1-0"]
[Termination "normal"]
[Board "3.3"]
[WhiteElo "2083"]
[BlackElo "1768"]
[WhiteClock "00:52:28"]
[BlackClock "00:42:22"]
[WhiteTeam "SF Brackel"]
[BlackTeam "Post SV Uelzen"]
[PlyCount "39"]
[WhiteFideId "12939536"]
[BlackFideId "16204743"]
[EventCountry "GER"]
[EventRounds "7"]
[EventType "team-swiss"]
[EventDate "2017.12.26"]

1. e4 e6 2. Qe2 Be7 3. Nf3 d5 4. d3 Nf6 5. g3 c5 6. Bg2 Nc6 7. O-O O-O 8. Nbd2
Qc7 9. b3 d4 10. Nh4 Ne8 11. f4 f6 12. f5 e5 13. Ng6 hxg6 14. fxg6 f5 15. Qh5
Nf6 16. Qh4 f4 17. gxf4 exf4 18. e5 Nxe5 19. Bd5+ Nf7 20. Ne4 1-0

[Event "DVM U16 2017"]
[Site "Walldorf GER"]
[Date "2017.12.27"]
[Round "2"]
[White "Askerov, Imamali"]
[Black "Seref, Erdogan"]
[Result "1/2-1/2"]
[Termination "normal"]
[Board "3.4"]
[WhiteElo "1797"]
[BlackElo "1849"]
[WhiteClock "00:56:27"]
[BlackClock "00:28:51"]
[WhiteTeam "Post SV Uelzen"]
[BlackTeam "SF Brackel"]
[PlyCount "88"]
[WhiteFideId "12974498"]
[BlackFideId "16206827"]
[EventCountry "GER"]
[EventRounds "7"]
[EventType "team-swiss"]
[EventDate "2017.12.26"]

1. e4 e5 2. Nf3 Nc6 3. Bb5 a6 4. Ba4 Nf6 5. O-O b5 6. Bb3 Be7 7. Re1 O-O 8. c3
d6 9. h3 Re8 10. d3 Na5 11. Bc2 c5 12. Nbd2 Nc6 13. Nf1 h6 14. a3 Bf8 15. Ng3
Be6 16. d4 cxd4 17. cxd4 Nxd4 18. Nxd4 exd4 19. Qxd4 Rc8 20. Qd1 Qc7 21. Bd3
Bc4 22. Bf4 Bxd3 23. Qxd3 Qc2 24. Qd2 Rc4 25. f3 d5 26. exd5 Bc5+ 27. Kh2 Rxe1
28. Rxe1 Qxd2 29. Bxd2 Rc2 30. Bc3 Nxd5 31. Re2 Rc1 32. Re1 Rc2 33. Re2 Rc1 34.
Re1 Rxe1 35. Bxe1 Bd4 36. b3 Bb2 37. a4 bxa4 38. bxa4 Be5 39. Kg1 Nb6 40. a5
Nc4 41. Ne4 Bd4+ 42. Bf2 Bxf2+ 43. Kxf2 Nxa5 44. Nc5 Nc4 1/2-1/2

[Event "DVM U16 2017"]
[Site "Walldorf GER"]
[Date "2017.12.27"]
[Round "2"]
[White "Browning, Alex"]
[Black "Biermann, Florian"]
[Result "1-0"]
[Termination "normal"]
[Board "4.1"]
[WhiteElo "2164"]
[BlackElo "1945"]
[WhiteClock "01:09:13"]
[BlackClock "00:16:08"]
[WhiteTeam "MS Halver-Schalksmühle"]
[BlackTeam "SG Bochum"]
[PlyCount "35"]
[WhiteFideId "12984019"]
[BlackFideId "12970069"]
[EventCountry "GER"]
[EventRounds "7"]
[EventType "team-swiss"]
[EventDate "2017.12.26"]

1. e4 c5 2. Nf3 e6 3. c3 Nf6 4. e5 Nd5 5. d4 cxd4 6. cxd4 b6 7. Nc3 Bb7 8. Bd3
Be7 9. O-O f5 10. exf6 Nxf6 11. Bc4 Nc6 12. a3 d5 13. Bd3 O-O 14. Re1 Bc8 15.
b4 Bd6 16. Qc2 h6 17. Nb5 Ng4 18. h3 1-0

[Event "DVM U16 2017"]
[Site "Walldorf GER"]
[Date "2017.12.27"]
[Round "2"]
[White "Biermann, Lenhard"]
[Black "Browning, Rebecca"]
[Result "1-0"]
[Termination "normal"]
[Board "4.2"]
[WhiteElo "1941"]
[BlackElo "1874"]
[WhiteClock "00:24:51"]
[BlackClock "00:36:12"]
[WhiteTeam "SG Bochum"]
[BlackTeam "MS Halver-Schalksmühle"]
[PlyCount "95"]
[WhiteFideId "12970077"]
[BlackFideId "12984027"]
[EventCountry "GER"]
[EventRounds "7"]
[EventType "team-swiss"]
[EventDate "2017.12.26"]

1. d4 Nf6 2. Nf3 e6 3. c4 d5 4. g3 c6 5. Bg2 Bd6 6. O-O O-O 7. Nc3 Nbd7 8. Qc2
dxc4 9. e4 e5 10. Rd1 Qe7 11. b3 Nb6 12. h3 cxb3 13. axb3 exd4 14. Nxd4 Bc5 15.
Be3 Bd7 16. f4 Bb4 17. Na2 c5 18. Ne2 Nfd5 19. Bf2 Bb5 20. Nec1 Nf6 21. e5 Nfd7
22. Nxb4 cxb4 23. Bxb7 Rab8 24. Rxa7 Nxe5 25. Bxb6 Rxb7 26. Bc5 Nf3+ 27. Kf2
Rc8 28. Bxe7 Rxc2+ 29. Kxf3 Bc6+ 30. Ke3 Rc3+ 31. Kf2 Rc2+ 32. Ke1 Rb8 33. Ne2
Bf3 34. Rd2 Rc6 35. Kf2 Be4 36. Rd4 f5 37. Bxb4 Rcb6 38. Bc3 Bc6 39. b4 Re8 40.
Rd3 Rb7 41. Rxb7 Bxb7 42. b5 Be4 43. Rd7 g6 44. Rg7+ Kf8 45. Rxh7 Re6 46. Nd4
Rb6 47. Ba5 Rd6 48. Bb4 1-0

[Event "DVM U16 2017"]
[Site "Walldorf GER"]
[Date "2017.12.27"]
[Round "2"]
[White "Kölz, Niklas"]
[Black "Gluma, Christian"]
[Result "1-0"]
[Termination "normal"]
[Board "4.3"]
[WhiteElo "1712"]
[BlackElo "1623"]
[WhiteClock "01:06:08"]
[BlackClock "00:37:18"]
[WhiteTeam "MS Halver-Schalksmühle"]
[BlackTeam "SG Bochum"]
[PlyCount "53"]
[WhiteFideId "12971758"]
[BlackFideId "16223209"]
[EventCountry "GER"]
[EventRounds "7"]
[EventType "team-swiss"]
[EventDate "2017.12.26"]

1. c4 e5 2. g3 Nf6 3. Bg2 Bc5 4. Nc3 O-O 5. e3 c6 6. Nge2 d6 7. d4 exd4 8. exd4
Bb6 9. Qc2 Re8 10. O-O Bg4 11. Be3 Nbd7 12. h3 Bh5 13. Nf4 Nf8 14. c5 Bc7 15.
Nxh5 Nxh5 16. d5 cxd5 17. Bxd5 Qc8 18. Ne4 Qf5 19. Qc4 dxc5 20. g4 Qg6 21. f4
Ng3 22. Nxg3 Rxe3 23. Nf5 Ree8 24. Rae1 a6 25. Ne7+ Rxe7 26. Rxe7 Ne6 27. Bxe6
1-0

[Event "DVM U16 2017"]
[Site "Walldorf GER"]
[Date "2017.12.27"]
[Round "2"]
[White "Gerzen, Robin"]
[Black "Scholz, Sebastian"]
[Result "1-0"]
[Termination "normal"]
[Board "4.4"]
[WhiteElo "1660"]
[BlackElo "1729"]
[WhiteClock "00:08:57"]
[BlackClock "00:35:43"]
[WhiteTeam "SG Bochum"]
[BlackTeam "MS Halver-Schalksmühle"]
[PlyCount "45"]
[WhiteFideId "16206819"]
[BlackFideId "16202597"]
[EventCountry "GER"]
[EventRounds "7"]
[EventType "team-swiss"]
[EventDate "2017.12.26"]

1. e4 e6 2. d4 d5 3. Nc3 Bb4 4. Bd2 Nf6 5. e5 Nfd7 6. Qg4 Kf8 7. Bd3 c5 8. a3
Bxc3 9. bxc3 c4 10. Be2 Nc6 11. Nh3 Ne7 12. Qh4 Qa5 13. Ng5 Ng6 14. Qh3 h6 15.
Nxe6+ fxe6 16. Qxe6 Ne7 17. Bh5 g6 18. Bxg6 Nxg6 19. Qxg6 Qb6 20. e6 Ke7 21.
Qg7+ Kxe6 22. Qxh8 Qb2 23. O-O 1-0

[Event "DVM U16 2017"]
[Site "Walldorf GER"]
[Date "2017.12.27"]
[Round "2"]
[White "Runte, Moritz"]
[Black "Silber, Kevin"]
[Result "0-1"]
[Termination "normal"]
[Board "5.1"]
[WhiteElo "1978"]
[BlackElo "2038"]
[WhiteClock "00:50:36"]
[BlackClock "00:34:40"]
[WhiteTeam "SV Hemer"]
[BlackTeam "Delmenhorster SK"]
[PlyCount "42"]
[WhiteFideId "12991449"]
[BlackFideId "12930440"]
[EventCountry "GER"]
[EventRounds "7"]
[EventType "team-swiss"]
[EventDate "2017.12.26"]

1. e4 e5 2. Nf3 Nc6 3. Bc4 Bc5 4. c3 Nf6 5. d4 exd4 6. e5 d5 7. Bb5 Ne4 8. cxd4
Bb6 9. Nc3 O-O 10. Be3 Bg4 11. h3 Bh5 12. Qc2 Nxc3 13. bxc3 f6 14. Qf5 Bxf3 15.
gxf3 fxe5 16. Qh5 Qe8 17. Qh4 exd4 18. Bd3 h6 19. Rg1 dxe3 20. Qxh6 exf2+ 21.
Kd2 Be3+ 0-1

[Event "DVM U16 2017"]
[Site "Walldorf GER"]
[Date "2017.12.27"]
[Round "2"]
[White "Mai, Artur"]
[Black "Petri, Ben-Luca"]
[Result "1/2-1/2"]
[Termination "normal"]
[Board "5.3"]
[WhiteElo "1578"]
[BlackElo "1747"]
[WhiteClock "00:07:00"]
[BlackClock "01:06:37"]
[WhiteTeam "SV Hemer"]
[BlackTeam "Delmenhorster SK"]
[PlyCount "79"]
[WhiteFideId "16206851"]
[BlackFideId "12947261"]
[EventCountry "GER"]
[EventRounds "7"]
[EventType "team-swiss"]
[EventDate "2017.12.26"]

1. e4 e6 2. d4 d5 3. e5 c5 4. c3 Qb6 5. Nf3 Nc6 6. Bd3 Bd7 7. O-O cxd4 8. cxd4
Nb4 9. Bc2 Nxc2 10. Qxc2 Rc8 11. Nc3 Ne7 12. Rd1 Nf5 13. Rb1 Be7 14. Qd3 h6 15.
h3 a6 16. Kh1 g5 17. g4 Ng7 18. Kg2 Bb5 19. Nxb5 Qxb5 20. Qxb5+ axb5 21. b3 Kd7
22. Bb2 Ra8 23. Ra1 b4 24. Ne1 Ra6 25. Rd2 Rha8 26. Bc1 Ne8 27. Rc2 Nc7 28. f4
Nb5 29. Nf3 gxf4 30. Bxf4 Bf8 31. g5 hxg5 32. Bxg5 Ra3 33. Rb2 Nc3 34. h4 Be7
35. Kh3 Nxa2 36. Rg1 Nc3 37. h5 Ne4 38. Bxe7 Kxe7 39. Kh4 Rh8 40. Rc1 1/2-1/2

[Event "DVM U16 2017"]
[Site "Walldorf GER"]
[Date "2017.12.27"]
[Round "2"]
[White "Sinnhöfer, Jonas"]
[Black "Manus, Julia"]
[Result "1-0"]
[Termination "normal"]
[Board "5.4"]
[WhiteElo "1853"]
[BlackElo "1259"]
[WhiteClock "01:37:29"]
[BlackClock "00:45:05"]
[WhiteTeam "Delmenhorster SK"]
[BlackTeam "SV Hemer"]
[PlyCount "95"]
[WhiteFideId "12982938"]
[BlackFideId "16234979"]
[EventCountry "GER"]
[EventRounds "7"]
[EventType "team-swiss"]
[EventDate "2017.12.26"]

1. e4 e5 2. Nf3 Nf6 3. Nc3 Nc6 4. a3 d5 5. exd5 Nxd5 6. Bb5 Nxc3 7. bxc3 Bd6 8.
d4 exd4 9. O-O O-O 10. cxd4 Bf5 11. Bg5 Be7 12. Bxe7 Nxe7 13. Bd3 Bxd3 14. Qxd3
Ng6 15. Rab1 b6 16. Rfe1 Qd6 17. c4 c5 18. d5 Rfe8 19. Kf1 Ne5 20. Nxe5 Rxe5
21. Qg3 Rae8 22. Rxe5 Qxe5 23. Qxe5 Rxe5 24. Re1 Rxe1+ 25. Kxe1 Kf8 26. Kd2 Ke7
27. Kc3 Kd6 28. a4 a5 29. Kd3 f6 30. Ke4 g6 31. Kf4 Ke7 32. h4 Kd6 33. g4 b5
34. cxb5 Kxd5 35. Ke3 h6 36. Kd3 c4+ 37. Kc3 Kc5 38. f4 Kd5 39. b6 Kc6 40. Kxc4
Kxb6 41. Kd5 g5 42. fxg5 fxg5 43. h5 Kc7 44. Ke6 Kc6 45. Kf7 Kc5 46. Kg6 Kb4
47. Kxh6 Kxa4 48. Kxg5 1-0

[Event "DVM U16 2017"]
[Site "Walldorf GER"]
[Date "2017.12.27"]
[Round "2"]
[White "Hinrichs, Niklas"]
[Black "Wendler, David"]
[Result "0-1"]
[Termination "normal"]
[Board "6.1"]
[WhiteElo "1975"]
[BlackElo "2123"]
[WhiteClock "00:32:18"]
[BlackClock "00:12:29"]
[WhiteTeam "SK Bingen"]
[BlackTeam "SK Bebenhausen"]
[PlyCount "66"]
[WhiteFideId "12942499"]
[BlackFideId "12938360"]
[EventCountry "GER"]
[EventRounds "7"]
[EventType "team-swiss"]
[EventDate "2017.12.26"]

1. d4 Nf6 2. c4 c5 3. d5 b5 4. cxb5 a6 5. b6 Qxb6 6. Nc3 d6 7. e4 g6 8. Be2 Bg7
9. Nf3 Nbd7 10. Nd2 Qc7 11. O-O O-O 12. Nc4 Nb6 13. Na3 Bb7 14. Bf4 Rad8 15.
Qb3 Rfe8 16. Nc4 Nxc4 17. Bxc4 Rb8 18. Qc2 Qb6 19. Rfd1 Bc8 20. Rab1 Bd7 21. a4
Ng4 22. h3 Ne5 23. Be2 Qb3 24. Rd2 c4 25. Bd1 Qxc2 26. Bxc2 Rec8 27. Ne2 Rb4
28. Be3 Bxa4 29. Bxa4 Rxa4 30. Nd4 Rb4 31. f4 c3 32. Rc2 Nd3 33. Nc6 Rxe4 0-1

[Event "DVM U16 2017"]
[Site "Walldorf GER"]
[Date "2017.12.27"]
[Round "2"]
[White "Grimm, Ling Leander"]
[Black "Hinrichs, Paul"]
[Result "1-0"]
[Termination "normal"]
[Board "6.2"]
[WhiteElo "1830"]
[BlackElo "1830"]
[WhiteClock "00:43:41"]
[BlackClock "01:04:08"]
[WhiteTeam "SK Bebenhausen"]
[BlackTeam "SK Bingen"]
[PlyCount "49"]
[WhiteFideId "12968277"]
[BlackFideId "12942545"]
[EventCountry "GER"]
[EventRounds "7"]
[EventType "team-swiss"]
[EventDate "2017.12.26"]

1. e4 e5 2. f4 exf4 3. Nf3 Ne7 4. Bc4 d5 5. exd5 Nxd5 6. O-O Be6 7. Qe2 Be7 8.
d4 Nc6 9. Nc3 Nxc3 10. bxc3 Bxc4 11. Qxc4 O-O 12. Bxf4 Bd6 13. Bxd6 Qxd6 14.
Rae1 Rad8 15. Re4 Qd5 16. Qxd5 Rxd5 17. c4 Ra5 18. d5 Nd8 19. Re7 c6 20. d6 Ne6
21. d7 g6 22. Re8 Rf5 23. Re1 Rf6 24. R1xe6 fxe6 25. d8=Q 1-0

[Event "DVM U16 2017"]
[Site "Walldorf GER"]
[Date "2017.12.27"]
[Round "2"]
[White "Lutterbach, Jakob"]
[Black "Freiherr von Hauff, Christopher"]
[Result "1-0"]
[Termination "normal"]
[Board "6.3"]
[WhiteElo "1581"]
[BlackElo "1804"]
[WhiteClock "00:03:50"]
[BlackClock "00:06:03"]
[WhiteTeam "SK Bingen"]
[BlackTeam "SK Bebenhausen"]
[PlyCount "107"]
[WhiteFideId "16208498"]
[BlackFideId "16200691"]
[EventCountry "GER"]
[EventRounds "7"]
[EventType "team-swiss"]
[EventDate "2017.12.26"]

1. e4 e5 2. Nf3 Nc6 3. Bc4 Nf6 4. Nc3 Nxe4 5. Nxe4 d5 6. Bxd5 Qxd5 7. Nc3 Qd8
8. d3 Be7 9. h3 O-O 10. O-O Re8 11. Re1 Bf8 12. Bd2 Bf5 13. Ne4 h6 14. Bc3 Bd6
15. Qd2 Qe7 16. Re2 Rad8 17. Rae1 Bxe4 18. Rxe4 f5 19. R4e2 Qf6 20. Qc1 Re7 21.
b3 Rde8 22. Qb2 b5 23. b4 g5 24. Nh2 h5 25. g3 g4 26. h4 Rg7 27. Nf1 f4 28. Nd2
Qf8 29. a3 Rf7 30. d4 fxg3 31. fxg3 Rf3 32. Nxf3 gxf3 33. Rf2 e4 34. Qb3+ Kh7
35. Qd5 Bxg3 36. Rxe4 Bxf2+ 37. Kxf2 Ne7 38. Qxh5+ Qh6 39. Qxe8 Nf5 40. Qf7+
Ng7 41. d5 a6 42. Qxg7+ Qxg7 43. Bxg7 Kxg7 44. Kxf3 Kf6 45. Kf4 a5 46. bxa5 c5
47. d6 b4 48. axb4 cxb4 49. d7 b3 50. d8=Q+ Kg7 51. Re7+ Kg6 52. Qd6+ Kh5 53.
Re5+ Kxh4 54. Qh6# 1-0

[Event "DVM U16 2017"]
[Site "Walldorf GER"]
[Date "2017.12.27"]
[Round "2"]
[White "Greitmann, Niklas"]
[Black "Berstler, Tobias"]
[Result "1/2-1/2"]
[Termination "normal"]
[Board "6.4"]
[WhiteElo "1623"]
[BlackElo "1616"]
[WhiteClock "00:00:46"]
[BlackClock "00:37:03"]
[WhiteTeam "SK Bebenhausen"]
[BlackTeam "SK Bingen"]
[PlyCount "63"]
[WhiteFideId "16200705"]
[BlackFideId "16242661"]
[EventCountry "GER"]
[EventRounds "7"]
[EventType "team-swiss"]
[EventDate "2017.12.26"]

1. c4 c6 2. Nf3 Nf6 3. g3 d5 4. cxd5 cxd5 5. Bg2 Bf5 6. Nc3 e6 7. O-O Nc6 8. d4
h6 9. a3 Be7 10. e3 O-O 11. b4 a6 12. Bb2 Rc8 13. Rc1 b5 14. Qe2 Qb6 15. Nb1
Rc7 16. Nbd2 Rfc8 17. Nb3 Nd7 18. Rfd1 a5 19. bxa5 Nxa5 20. Nxa5 Qxa5 21. Rxc7
Rxc7 22. Bf1 Nf6 23. Rc1 Rxc1 24. Bxc1 b4 25. axb4 Bxb4 26. Qb5 Qxb5 27. Bxb5
Ne4 28. Ne5 Nc3 29. Ba6 Ne4 30. f3 Nd2 31. Kf2 Nb3 32. Bb2 1/2-1/2

[Event "DVM U16 2017"]
[Site "Walldorf GER"]
[Date "2017.12.27"]
[Round "2"]
[White "Schäfer, Nicolas"]
[Black "Jakob, Georg"]
[Result "1/2-1/2"]
[Termination "normal"]
[Board "7.1"]
[WhiteElo "1668"]
[BlackElo "1959"]
[WhiteClock "00:28:58"]
[BlackClock "00:29:43"]
[WhiteTeam "SVG Saarbrücken"]
[BlackTeam "SG Königskinder Hohentübingen"]
[PlyCount "95"]
[WhiteFideId "12988901"]
[BlackFideId "16224221"]
[EventCountry "GER"]
[EventRounds "7"]
[EventType "team-swiss"]
[EventDate "2017.12.26"]

1. d4 Nf6 2. c4 e6 3. Nf3 Bb4+ 4. Bd2 c5 5. Bxb4 cxb4 6. g3 d6 7. Bg2 O-O 8.
O-O Nc6 9. Nbd2 e5 10. d5 Nb8 11. Ne1 a5 12. a3 bxa3 13. Rxa3 Na6 14. Nd3 Bf5
15. e4 Bg4 16. f3 Bh5 17. Qe2 Nd7 18. Nb3 b6 19. Qe3 Bg6 20. f4 exf4 21. gxf4
h6 22. Nd4 Nac5 23. f5 Bh7 24. Nf4 Ne5 25. Qh3 Ncd7 26. Rg3 Kh8 27. Nh5 Rg8 28.
Nc6 Qf8 29. Rf4 f6 30. Rh4 Rc8 31. Nf4 Nxc6 32. dxc6 Ne5 33. Ne6 Qe7 34. c7 Qd7
35. Bf3 Qe7 36. Bh5 Rxc7 37. Nf4 Rxc4 38. Ng6+ Bxg6 39. Bxg6 Rc1+ 40. Kf2 Nxg6
41. Rxg6 Qc7 42. Rgxh6+ gxh6 43. Rxh6+ Kg7 44. Rh7+ Kf8 45. Rxc7 Rxc7 46. Qh6+
Kf7 47. Qh5+ Kf8 48. Qh6+ 1/2-1/2

[Event "DVM U16 2017"]
[Site "Walldorf GER"]
[Date "2017.12.27"]
[Round "2"]
[White "Hurm, Moritz"]
[Black "Jenner, Meikel"]
[Result "0-1"]
[Termination "normal"]
[Board "7.2"]
[WhiteElo "1690"]
[BlackElo "1592"]
[WhiteClock "00:15:24"]
[BlackClock "00:56:11"]
[WhiteTeam "SG Königskinder Hohentübingen"]
[BlackTeam "SVG Saarbrücken"]
[PlyCount "70"]
[WhiteFideId "16235150"]
[BlackFideId "16245342"]
[EventCountry "GER"]
[EventRounds "7"]
[EventType "team-swiss"]
[EventDate "2017.12.26"]

1. e4 e5 2. Nf3 Nc6 3. Bb5 a6 4. Ba4 Bc5 5. O-O Nf6 6. d3 b5 7. Bb3 d6 8. c3
Bb6 9. a4 Bb7 10. h3 h6 11. Re1 Ne7 12. Nbd2 O-O 13. Nf1 Ng6 14. Ng3 c6 15. Nf5
Qb8 16. Qd2 d5 17. exd5 cxd5 18. h4 e4 19. dxe4 Nxe4 20. Rxe4 dxe4 21. N3d4 Qe5
22. axb5 Bxd4 23. Nxd4 axb5 24. Rxa8 Rxa8 25. g3 Ra1 26. Nc2 e3 27. Nxe3 Qe4
28. Kf1 Rxc1+ 29. Ke2 Qf3+ 30. Kd3 Ne5+ 31. Kd4 Qe4+ 32. Kc5 Nd3+ 33. Kd6 Qc6+
34. Ke7 Qc7+ 35. Ke8 Bc6# 0-1

[Event "DVM U16 2017"]
[Site "Walldorf GER"]
[Date "2017.12.27"]
[Round "2"]
[White "Zha, Kevin"]
[Black "Hurm, Yannik"]
[Result "0-1"]
[Termination "normal"]
[Board "7.3"]
[WhiteElo "1516"]
[BlackElo "1646"]
[WhiteClock "00:48:39"]
[BlackClock "00:36:46"]
[WhiteTeam "SVG Saarbrücken"]
[BlackTeam "SG Königskinder Hohentübingen"]
[PlyCount "100"]
[WhiteFideId "16208951"]
[BlackFideId "16235169"]
[EventCountry "GER"]
[EventRounds "7"]
[EventType "team-swiss"]
[EventDate "2017.12.26"]

1. e4 c5 2. Nf3 a6 3. c4 Nc6 4. Nc3 g6 5. d4 cxd4 6. Nxd4 Bg7 7. Nxc6 bxc6 8.
Bd3 Nf6 9. O-O O-O 10. Be3 Qc7 11. h3 Bb7 12. Qd2 d6 13. Rae1 Rab8 14. Bf4 c5
15. e5 Qc6 16. f3 dxe5 17. Bxe5 Rbd8 18. Qc2 e6 19. Rd1 Nh5 20. Bxg7 Kxg7 21.
Be4 Qc7 22. Bxb7 Qxb7 23. Ne4 Qe7 24. Rxd8 Rxd8 25. Qa4 f5 26. Nf2 Qb7 27. Qa3
Qb6 28. Nd3 Nf6 29. Qxc5 Nd7 30. Qxb6 Nxb6 31. c5 Rxd3 32. cxb6 Rd6 33. b7 Rb6
34. b3 Rxb7 35. Rc1 Rb5 36. Kf2 Kf6 37. Rc4 Ra5 38. a4 Rd5 39. Rc6 a5 40. Ke2
f4 41. Rc4 e5 42. b4 axb4 43. Rxb4 Ra5 44. Kf2 g5 45. g4 Kg6 46. Ke2 Kf6 47.
Rc4 Ke6 48. Kd3 Kd6 49. Kc3 Kd5 50. Kb4 Rxa4+ 0-1

[Event "DVM U16 2017"]
[Site "Walldorf GER"]
[Date "2017.12.27"]
[Round "2"]
[White "Aptyka, Tim"]
[Black "Schmied, Elias"]
[Result "1/2-1/2"]
[Termination "normal"]
[Board "7.4"]
[WhiteElo "1530"]
[BlackElo "1475"]
[WhiteClock "00:55:19"]
[BlackClock "00:15:25"]
[WhiteTeam "SG Königskinder Hohentübingen"]
[BlackTeam "SVG Saarbrücken"]
[PlyCount "152"]
[WhiteFideId "16255860"]
[BlackFideId "16255879"]
[EventCountry "GER"]
[EventRounds "7"]
[EventType "team-swiss"]
[EventDate "2017.12.26"]

1. e4 e6 2. d4 d5 3. exd5 exd5 4. c4 Nf6 5. Nc3 Be6 6. Nf3 c6 7. Qb3 Qb6 8.
Qxb6 axb6 9. cxd5 Nxd5 10. a3 Nd7 11. Rb1 Bd6 12. Bd3 O-O 13. O-O Nxc3 14. bxc3
Bxa3 15. Ng5 Ba2 16. Ra1 Bxc1 17. Raxc1 h6 18. Ne4 b5 19. Nd6 b6 20. Be4 Rad8
21. Nf5 c5 22. Rfe1 Nf6 23. Bf3 b4 24. dxc5 bxc5 25. cxb4 cxb4 26. Ne7+ Kh8 27.
Nc6 b3 28. Nxd8 Rxd8 29. Re2 Rb8 30. Rb2 Rd8 31. h3 Rd3 32. Be2 Rd4 33. Kh2 Nd5
34. Bc4 Nf6 35. Bxf7 Rb4 36. f3 Rb5 37. Bc4 Rc5 38. Kg3 Nd5 39. Kf2 Nb6 40.
Bxb3 Rxc1 41. Rxa2 Rc7 42. Bc2 g5 43. Be4 Rd7 44. Ra6 Rd6 45. Ra7 Rd7 46. Ra6
Rd6 47. Ra2 Kg7 48. Ra7+ Rd7 49. Rb7 Rxb7 50. Bxb7 Nd7 51. Kg3 Nf6 52. h4 Kg6
53. Be4+ Kg7 54. Bf5 Nh5+ 55. Kg4 Nf6+ 56. Kg3 Nh5+ 57. Kh3 Nf6 58. Be4 g4+ 59.
Kg3 gxf3 60. Kxf3 h5 61. Kf4 Kh6 62. Bf3 Nd7 63. Kf5 Nf8 64. Kf4 Ng6+ 65. Kg3
Nf8 66. Kh3 Ng6 67. Bxh5 Kxh5 68. g4+ Kh6 69. Kg3 Nxh4 70. Kxh4 Kg6 71. g5 Kg7
72. Kh5 Kh7 73. g6+ Kg7 74. Kg5 Kg8 75. Kf4 Kg7 76. Kf5 Kg8 1/2-1/2